000 00549nam a2200229Ia 4500
003 OSt
005 20220918201220.0
006 a|||||r|||| 00| 0
007 ta
008 220917b |||||||| |||| 00| 0 eng d
024 _a92,418
037 _cTextual
040 _aARTS
_cARTS
_beng
041 _2eng
_aeng
082 _aV:R, J1
100 _aCollingwood R G
245 0 _aIdea of history
260 _c1951
650 _aHISTORY; PHILOSOPHY
_918519
942 _hV:R, J1
_cTEXL
_2CC
999 _c216071
_d216071